000
00338nam a2200157Ia 4500
100
_a
Desai/ Vasant
250
_a
8
942
_c
BK
654
_a
Management
245
_a
Management of a Small Scale Industry
260
_b
Himalaya pub. House
_c
1999
082
_a
658.022
_b
DES
300
_a
549
546
_a
ENGLISH
999
_c
26104
_d
26104